000 00325 a2200145 4500
001 194760
040 _cMagnum
100 _aHeck, Lenira Almeida
240 1 0 _aO galo Tião e a vaca Malhada
_lpor
245 1 0 _aO galo Tião e a vaca Malhada
300 _a18
362 0 _a2005
697 _aLITERATURA GERAL
942 _cBK
999 _c194760
_d194760